[Event "London CSC 5-Day U2050 op 10th"]
[Site "London"]
[Date "2018.12.10"]
[Round "2"]
[White "Palhas, Miguel Branco"]
[Black "Fields, Francis E"]
[Result "0-1"]
[WhiteElo "1412"]
[BlackElo "1815"]
[PlyCount "84"]
[EventDate "2018.12.09"]
[EventType "swiss"]
[EventRounds "5"]
[EventCountry "ENG"]
[SourceTitle "EXT 2020"]
[Source "ChessBase"]
[SourceDate "2019.10.17"]
[SourceVersion "1"]
[SourceVersionDate "2019.10.17"]
[SourceQuality "1"]

1. e4 e5 2. Nf3 d6 3. d4 Nf6 4. Nc3 Nbd7 5. a4 Be7 6. Be2 0-0 7. 0-0 b6 8. Re1 Bb7 9. Bc4 c6 10. Qe2 Qc7 11. Ba6 Bxa6 12. Qxa6 Rfe8 13. Qc4 Nxe4 14. Nd5 Qc8 15. Nxe7+ Rxe7 16. dxe5 d5 17. Qd4 Ndc5 18. Ng5 Nxg5 19. Bxg5 Ne6 20. Qg4 Nxg5 21. Qxg5 Qc7 22. Ra3 f6 23. Qg3 Rae8 24. Rae3 Rxe5 25. f4 Rxe3 26. Rxe3 Rxe3 27. Qxe3 Kf7 28. Kf2 Qe7 29. Qd4 Qc5 30. Qxc5 bxc5 31. b3 Ke6 32. g4 g5 33. Kf3 a5 34. c3 d4 35. cxd4 cxd4 36. Ke4 c5 37. fxg5 fxg5 38. Kd3 Kd5 39. h3 h6 40. Kd2 Ke4 41. Kc2 Ke3 42. Kb2 Ke2 0-1

[Event "London Classic op"]
[Site "London"]
[Date "2011.12.10"]
[Round "8"]
[White "De Coverly, Roger D"]
[Black "Fields, Francis E"]
[Result "0-1"]
[WhiteElo "2027"]
[BlackElo "1897"]
[PlyCount "86"]
[EventDate "2011.12.03"]
[EventType "swiss"]
[EventRounds "9"]
[EventCountry "ENG"]
[SourceTitle "CBM 145 Extra"]
[Source "ChessBase"]
[SourceDate "2012.01.03"]
[SourceVersion "1"]
[SourceVersionDate "2012.01.03"]
[SourceQuality "1"]

1. e4 d6 2. d4 Nf6 3. Nc3 c6 4. f4 Qa5 5. e5 Ne4 6. Qf3 d5 7. Bd3 Nxc3 8. Bd2 e6 9. Bxc3 Bb4 10. Ne2 Na6 11. 0-0 Bxc3 12. bxc3 Bd7 13. Kh1 c5 14. c4 Bc6 15. cxd5 Bxd5 16. Be4 Bxe4 17. Qxe4 0-0-0 18. f5 cxd4 19. fxe6 Nc5 20. Qg4 Nxe6 21. Rxf7 Qxe5 22. Rb1 Rhf8 23. Rfxb7 h5 24. Qg3 Rf1+ 25. Rxf1 Qxg3 26. Nxg3 Kxb7 27. Nxh5 Rd7 28. g3 Kc6 29. Kg2 Kc5 30. Nf4 Nxf4+ 31. Rxf4 Kc4 32. Rf3 Rb7 33. Ra3 Rb2 34. Rxa7 Rxc2+ 35. Kh3 d3 36. Rxg7 d2 37. Rd7 Rxa2 38. g4 Ra3+ 39. Kh4 Rd3 40. Rc7+ Kd4 41. Rd7+ Ke4 42. Re7+ Kf3 43. Rf7+ Kg2 0-1

[Event "London Classic op"]
[Site "London"]
[Date "2011.12.08"]
[Round "6"]
[White "Mohammad, Ashraf"]
[Black "Fields, Francis E"]
[Result "1-0"]
[WhiteElo "2188"]
[BlackElo "1897"]
[PlyCount "123"]
[EventDate "2011.12.03"]
[EventType "swiss"]
[EventRounds "9"]
[EventCountry "ENG"]
[SourceTitle "CBM 145 Extra"]
[Source "ChessBase"]
[SourceDate "2012.01.03"]
[SourceVersion "1"]
[SourceVersionDate "2012.01.03"]
[SourceQuality "1"]

1. e4 c5 2. Nf3 Nc6 3. c3 d5 4. exd5 Qxd5 5. d4 cxd4 6. cxd4 e5 7. Nc3 Bb4 8. Bd2 Bxc3 9. Bxc3 e4 10. Ne5 Nxe5 11. dxe5 Ne7 12. Qa4+ Bd7 13. Qa3 Qe6 14. Be2 0-0 15. 0-0 Bc6 16. Rfd1 Nf5 17. Bb4 Rfe8 18. Bd6 e3 19. f3 Qg6 20. Qb4 Qg5 21. Qe1 Re6 22. b4 Rh6 23. b5 Bxb5 24. Bxb5 Nxd6 25. exd6 Qxb5 26. Qxe3 Qb6 27. Qxb6 axb6 28. Rab1 Kf8 29. Rxb6 Rd8 30. Rxb7 Rhxd6 31. Rxd6 Rxd6 32. Ra7 h5 33. Kf2 Rd2+ 34. Kg3 g6 35. h4 Kg7 36. Ra6 Re2 37. Ra8 Kh7 38. Ra3 Kg7 39. Ra5 Kh7 40. Kh3 Re1 41. a4 Kg7 42. Ra7 Kg8 43. a5 Kg7 44. a6 Ra1 45. Kg3 Ra2 46. f4 Ra3+ 47. Kf2 Ra2+ 48. Kf3 Ra3+ 49. Ke4 Ra5 50. Kd4 Rf5 51. Kc3 Rxf4 52. Rb7 Ra4 53. Rb6 Rxh4 54. Kb3 Rh1 55. Ka2 Rh4 56. Rb3 Ra4+ 57. Ra3 Rxa6 58. Rxa6 f5 59. Kb2 Kh6 60. Kc2 Kg5 61. Kd2 f4 62. Ke2 1-0

[Event "London Classic op"]
[Site "London"]
[Date "2011.12.03"]
[Round "1"]
[White "Fields, Francis E"]
[Black "Alfred, Nathan"]
[Result "0-1"]
[WhiteElo "1897"]
[BlackElo "2294"]
[PlyCount "36"]
[EventDate "2011.12.03"]
[EventType "swiss"]
[EventRounds "9"]
[EventCountry "ENG"]
[SourceTitle "CBM 145 Extra"]
[Source "ChessBase"]
[SourceDate "2012.01.03"]
[SourceVersion "1"]
[SourceVersionDate "2012.01.03"]
[SourceQuality "1"]

1. Nf3 Nf6 2. Nc3 d5 3. d4 g6 4. Bg5 Ne4 5. Nxe4 dxe4 6. Ng1 Bg7 7. e3 c6 8. c3 Qa5 9. Bf4 Nd7 10. Qc2 0-0 11. f3 e5 12. Bg3 exd4 13. exd4 c5 14. d5 Re8 15. fxe4 Nf6 16. 0-0-0 Nxe4 17. Kb1 Bf5 18. Bd3 c4 0-1

[Event "Coulsdon Autumn-B"]
[Site "Coulsdon"]
[Date "2009.08.28"]
[Round "7"]
[White "Fields, Francis E"]
[Black "Foster, James C"]
[Result "1-0"]
[WhiteElo "1906"]
[BlackElo "1976"]
[PlyCount "63"]
[EventDate "2009.08.22"]
[EventType "tourn"]
[EventRounds "9"]
[EventCountry "ENG"]
[SourceTitle "CBM 132 Extra"]
[Source "ChessBase"]
[SourceDate "2009.11.03"]
[SourceVersion "1"]
[SourceVersionDate "2009.11.03"]
[SourceQuality "1"]

1. Nf3 d5 2. b3 Nf6 3. Bb2 e6 4. e3 b6 5. Ne5 Bb7 6. Be2 Bd6 7. 0-0 a6 8. f4 Qe7 9. d3 Nbd7 10. Nd2 0-0-0 11. c4 Rhg8 12. Rc1 Rdf8 13. Ndf3 Nb8 14. Nd4 c5 15. Ndf3 Ne8 16. cxd5 exd5 17. Nd4 f5 18. Ndf3 Nf6 19. b4 Kd8 20. bxc5 bxc5 21. Qa4 Nfd7 22. Bc3 g5 23. Rb1 Bc8 24. Ba5+ Ke8 25. Nxg5 Bxe5 26. Bh5+ Rg6 27. Bxg6+ hxg6 28. fxe5 Qxe5 29. Qf4 Nc6 30. Bc7 Qc3 31. Qd6 Nde5 32. Rb8 1-0

[Event "Coulsdon Xmas-B"]
[Site "Coulsdon"]
[Date "2008.12.19"]
[Round "9"]
[White "Fields, Francis E"]
[Black "Tavoularis, Nicholas"]
[Result "0-1"]
[WhiteElo "1943"]
[BlackElo "2140"]
[PlyCount "44"]
[EventDate "2008.12.15"]
[EventType "tourn"]
[EventRounds "9"]
[EventCountry "ENG"]
[SourceTitle "EXT 2011"]
[Source "ChessBase"]
[SourceDate "2010.11.26"]
[SourceVersion "1"]
[SourceVersionDate "2010.11.26"]
[SourceQuality "1"]

1. e4 c5 2. c3 d6 3. d4 Nf6 4. f3 b6 5. Be3 e6 6. Bc4 Be7 7. Ne2 0-0 8. 0-0 a6 9. Nd2 b5 10. Bb3 Bb7 11. Ng3 Nc6 12. f4 cxd4 13. cxd4 e5 14. fxe5 dxe5 15. d5 Na5 16. Bc2 Re8 17. Rc1 Rc8 18. Bb1 Rxc1 19. Qxc1 Ng4 20. Bc5 Bg5 21. Nf5 Nc4 22. Bb4 Qb6+ 0-1

[Event "Coulsdon Xmas-B"]
[Site "Coulsdon"]
[Date "2008.12.18"]
[Round "7"]
[White "Fields, Francis E"]
[Black "Mayhew, Andrew"]
[Result "0-1"]
[WhiteElo "1943"]
[BlackElo "2016"]
[PlyCount "94"]
[EventDate "2008.12.15"]
[EventType "tourn"]
[EventRounds "9"]
[EventCountry "ENG"]
[SourceTitle "EXT 2011"]
[Source "ChessBase"]
[SourceDate "2010.11.26"]
[SourceVersion "1"]
[SourceVersionDate "2010.11.26"]
[SourceQuality "1"]

1. e4 b6 2. d4 Bb7 3. Bd3 Nf6 4. Qe2 Nc6 5. c3 e5 6. d5 Ne7 7. Nf3 Ng6 8. 0-0 Be7 9. c4 0-0 10. Nc3 d6 11. b4 a5 12. b5 Bc8 13. Qc2 Nh5 14. Be3 Bg4 15. Ne1 Bg5 16. Be2 Bxe2 17. Qxe2 Nhf4 18. Qd2 Qd7 19. Kh1 Be7 20. Na4 f5 21. f3 Rf7 22. Nd3 Nxd3 23. Qxd3 Raf8 24. exf5 Rxf5 25. Nc3 Bg5 26. Bxg5 Rxg5 27. Ne4 Rxg2 28. Rg1 Nf4 29. Qf1 Rxg1+ 30. Qxg1 Ne2 31. Qg2 Nd4 32. Rf1 Qf5 33. Ng3 Qd3 34. Nh5 g6 35. Rf2 Rxf3 36. Rxf3 Qxf3 37. Qxf3 Nxf3 38. Nf6+ Kf7 39. Nxh7 Kg7 40. Kg2 Ne1+ 41. Kf2 Kxh7 42. Kxe1 Kh6 43. Kf2 Kg5 44. Kg3 Kf5 45. Kf3 g5 46. h3 e4+ 47. Kg3 Ke5 0-1

[Event "Coulsdon Jessie Gilbert"]
[Site "Coulsdon"]
[Date "2008.08.24"]
[Round "9"]
[White "Fields, Francis E"]
[Black "Tavoularis, Nicholas"]
[Result "0-1"]
[WhiteElo "1934"]
[BlackElo "2160"]
[PlyCount "146"]
[EventDate "2008.08.16"]
[EventType "swiss"]
[EventRounds "10"]
[EventCountry "ENG"]
[SourceTitle "CBM 125 Extra"]
[Source "ChessBase"]
[SourceDate "2008.09.01"]
[SourceVersion "1"]
[SourceVersionDate "2008.09.01"]
[SourceQuality "1"]

1. e4 c5 2. c3 Nf6 3. e5 Nd5 4. d4 cxd4 5. Nf3 e6 6. cxd4 b6 7. Bd3 Bb7 8. 0-0 Be7 9. Bd2 0-0 10. Nc3 Nxc3 11. Bxc3 f5 12. exf6 gxf6 13. Qe2 Qc7 14. Rac1 Qf4 15. Bd2 Qd6 16. Bh6 Rf7 17. Rfd1 Nc6 18. a3 Bf8 19. Qe3 Ne7 20. Bf4 Qd5 21. Bc4 Qe4 22. Bd3 Qd5 23. Bc4 Qh5 24. Be2 Nd5 25. Qd2 Rg7 26. Bg3 Qe8 27. Ne1 Kh8 28. Nd3 Rg8 29. Nf4 Bh6 30. Bc4 Nxf4 31. Bxf4 Bxf4 32. Qxf4 Rxg2+ 33. Kf1 Qg6 34. Bd3 Rg1+ 35. Ke2 Qg4+ 36. Qxg4 Rxg4 37. Bb5 Rg7 38. Rc7 Bd5 39. Rxd7 Rf8 40. Rxg7 Kxg7 41. Bd3 f5 42. Rg1+ Kf6 43. Kd2 Rf7 44. Ke3 Rf8 45. Kd2 a5 46. Rg3 Rf7 47. Rg1 Rb7 48. Bb5 Rb8 49. Rg3 Rb7 50. Rg1 f4 51. Bd3 Bf3 52. Be2 Bxe2 53. Kxe2 Rd7 54. Rd1 Rd5 55. Rd3 Kf5 56. a4 b5 57. axb5 Rxb5 58. b3 Ke4 59. f3+ Kd5 60. Kd2 Rb7 61. Kc3 Rc7+ 62. Kb2 Rg7 63. Rd2 Rg1 64. Re2 Rf1 65. Re5+ Kxd4 66. Re4+ Kd5 67. Rxf4 Rf2+ 68. Ka3 Rxh2 69. Ka4 Ra2+ 70. Kb5 Ra3 71. Rh4 Rxb3+ 72. Kxa5 Rxf3 73. Rxh7 Rb3 0-1

[Event "Coulsdon Elo-A"]
[Site "Coulsdon"]
[Date "2007.12.20"]
[Round "7"]
[White "Fields, Francis E"]
[Black "Bailey, Kevin J"]
[Result "1-0"]
[WhiteElo "1953"]
[BlackElo "2103"]
[PlyCount "65"]
[EventDate "2007.12.17"]
[EventType "tourn"]
[EventRounds "9"]
[EventCountry "ENG"]
[SourceTitle "CBM 121 Extra"]
[Source "ChessBase"]
[SourceDate "2008.01.10"]
[SourceVersion "1"]
[SourceVersionDate "2008.01.10"]
[SourceQuality "1"]

1. e4 e6 2. d4 d5 3. e5 c5 4. c3 Nc6 5. Nf3 Bd7 6. Be3 Qb6 7. Qd2 c4 8. Be2 Nh6 9. Qc2 Nf5 10. Nbd2 Nxe3 11. fxe3 Be7 12. e4 0-0 13. exd5 exd5 14. Nf1 f6 15. exf6 Bxf6 16. Ne3 Ne7 17. 0-0 Qe6 18. Qd2 Ng6 19. Rae1 Rae8 20. Bd1 Qd6 21. Bc2 Nh4 22. Nxh4 Bxh4 23. Rxf8+ Rxf8 24. g3 Bg5 25. Qg2 Be6 26. Bd1 Re8 27. Nxd5 Bxd5 28. Rxe8+ Kf7 29. Qe2 Bc6 30. Re5 Bf6 31. Qxc4+ Kg6 32. Qe6 Qc7 33. Bc2+ 1-0

[Event "Coulsdon Autumn-B"]
[Site "Coulsdon"]
[Date "2007.08.29"]
[Round "4"]
[White "Fields, Francis E"]
[Black "Lock, Gavin R"]
[Result "0-1"]
[WhiteElo "1946"]
[BlackElo "2193"]
[PlyCount "80"]
[EventDate "2007.08.27"]
[EventType "tourn"]
[EventRounds "9"]
[EventCountry "ENG"]
[SourceTitle "CBM 120 Extra"]
[Source "ChessBase"]
[SourceDate "2007.11.01"]
[SourceVersion "1"]
[SourceVersionDate "2007.11.01"]
[SourceQuality "1"]

1. e4 e6 2. d4 d5 3. Nc3 Nf6 4. Bg5 Bb4 5. exd5 Qxd5 6. Bxf6 Bxc3+ 7. bxc3 gxf6 8. Nf3 b6 9. g3 Qe4+ 10. Qe2 Bb7 11. Bg2 Nd7 12. Qxe4 Bxe4 13. Nh4 Bxg2 14. Nxg2 Ke7 15. 0-0-0 Rhd8 16. Rhe1 f5 17. Nh4 Kf8 18. f4 Nf6 19. Nf3 Rac8 20. Kb2 c5 21. Rd3 c4 22. Rdd1 Nd5 23. a4 Rc7 24. Ra1 Rb8 25. Ra3 a6 26. Kc1 b5 27. axb5 axb5 28. Kd2 b4 29. cxb4 c3+ 30. Ke2 Rxb4 31. Rc1 Rcb7 32. Kd3 Rc7 33. Ra8+ Kg7 34. Ra3 Rb2 35. Ke2 Nb4 36. Kd1 Nd5 37. Ke2 Nb4 38. Kd1 h6 39. Raa1 Na2 40. Rcb1 Rcb7 0-1

[Event "Coulsdon Easter-B"]
[Site "Coulsdon"]
[Date "2007.04.04"]
[Round "8"]
[White "Foster, James C"]
[Black "Fields, Francis E"]
[Result "1-0"]
[WhiteElo "1914"]
[BlackElo "1921"]
[PlyCount "59"]
[EventDate "2007.03.31"]
[EventType "tourn"]
[EventRounds "9"]
[EventCountry "ENG"]
[SourceTitle "CBM 117 Extra"]
[Source "ChessBase"]
[SourceDate "2007.05.09"]
[SourceVersion "1"]
[SourceVersionDate "2007.05.09"]
[SourceQuality "1"]

1. e4 c5 2. c3 d5 3. exd5 Qxd5 4. d4 Nc6 5. Nf3 cxd4 6. cxd4 e5 7. Nc3 Bb4 8. Bd2 Bxc3 9. Bxc3 e4 10. Ne5 Nxe5 11. dxe5 Ne7 12. Qe2 Bf5 13. Rd1 Qe6 14. Rd6 Qc8 15. g3 0-0 16. Bg2 Nc6 17. Qe3 Re8 18. Qf4 Bg6 19. Bxe4 Bxe4 20. Qxe4 Qh3 21. f4 Rad8 22. Rxd8 Nxd8 23. Kf2 f6 24. Qd5+ Qe6 25. Qxe6+ Rxe6 26. Rd1 Nc6 27. f5 Re7 28. e6 Ne5 29. Bxe5 fxe5 30. Rd8+ 1-0

[Event "Coulsdon Easter-B"]
[Site "Coulsdon"]
[Date "2007.04.02"]
[Round "5"]
[White "Gibbs, Dominic V"]
[Black "Fields, Francis E"]
[Result "1/2-1/2"]
[WhiteElo "1956"]
[BlackElo "1921"]
[PlyCount "98"]
[EventDate "2007.03.31"]
[EventType "tourn"]
[EventRounds "9"]
[EventCountry "ENG"]
[SourceTitle "CBM 117 Extra"]
[Source "ChessBase"]
[SourceDate "2007.05.09"]
[SourceVersion "1"]
[SourceVersionDate "2007.05.09"]
[SourceQuality "1"]

1. e4 e5 2. Nf3 Nf6 3. Nxe5 d6 4. Nf3 Nxe4 5. Nc3 Nxc3 6. dxc3 Be7 7. Be3 Bg4 8. Be2 Nd7 9. h3 Bh5 10. Qd2 0-0 11. 0-0-0 c6 12. g4 Bg6 13. Nd4 d5 14. Nf5 Bxf5 15. gxf5 Bf6 16. Rdg1 Ne5 17. Bg5 Bxg5 18. Rxg5 f6 19. Rg3 Rf7 20. Rd1 Qa5 21. Kb1 Rd8 22. f4 Nd7 23. Rd3 Qc7 24. Rd4 Nb6 25. c4 Rdd7 26. Qa5 dxc4 27. Bxc4 Kh8 28. Qc3 Nxc4 29. Qxc4 Qxf4 30. Rxd7 Rxd7 31. Qe2 Rxd1+ 32. Qxd1 h6 33. Qd3 Qh2 34. b3 Qh1+ 35. Kb2 Qd5 36. Qf1 h5 37. a4 Kh7 38. Qf2 c5 39. Qf1 Kh6 40. Qf4+ Kh7 41. Qf1 Qe5+ 42. Kb1 Kh6 43. Qf3 b6 44. Qf1 g5 45. fxg6 Kxg6 46. Qg2+ Qg5 47. Qb7 Qg1+ 48. Kb2 Qd4+ 49. Kb1 Qd1+ 1/2-1/2